000 00532nam a2200181Ia 4500
003 GCL
008 140319s9999 xx 000 0 eng d
040 _aGCL /
_cGCL
082 0 4 _aP
_b338.433
_bG S
100 1 _aGLEURUE PAUL
245 1 0 _aSCHOOLING SKILLS AND THE RETURNS TO GOVERNMENT INVESTMENT IN EDUCATION: AN EXPLORATION USING DATA FROM GHANA /
_cGLEURUE PAUL
260 _a[S.N] :
_bTHE WORLD BANK ،
_c1991
300 _a56 P
650 0 4 _aEDUCATION
650 0 4 _aECONOMIC ASPECTS
650 0 4 _aGHANA
942 _2ddc
_cCR
999 _c25896
_d25896